10 największych miast Angoli - Statystyki

Ogólne statystyki
  • Ten quiz został rozwiązany 37 razy
  • Średni wynik to 3 z 10
Statystyki odpowiedzi
Miejsce/liczba ludności Miasto % Poprawnych
1. 5 172 900 Luanda
100%
2. 1 100 000 Huambo
39%
9. 91 791 Kabinda
39%
4. 151 226 Benguela
33%
7. 125 632 Lubango
28%
8. 114 286 Kuito
17%
3. 207 932 Lobito
17%
6. 125 856 Malanje
17%
5. 132 900 Moçâmedes
17%
10.80 000 Capenda-Camulemba
11%
Nie znaleziono quizów pasujących do podanych kryteriów
Rozkład punktacji
Procent ludzi z każdym wynikiem
Percentyl według liczby udzielonych odpowiedzi
Twoja historia wyników
Nie rozwiązałeś tego quizu